| 000 | 00611nam a22001937a 4500 | ||
|---|---|---|---|
| 005 | 20251108165021.0 | ||
| 008 | 250721s1990 xx 000 0 ara d | ||
| 082 | 1 | 4 | _a540/برا |
| 100 | 1 | _aبرادي، جيمس | |
| 245 | 1 | 0 |
_aالكيمياء العامة : _bالمبادئ و البنية / |
| 264 | 1 |
_aعمان : _bمركز الكتب الأردني، _c1990. |
|
| 300 | _a2ج | ||
| 650 | 1 | 7 | _aالكيمياء |
| 700 | 1 | _aهيومستون، جيراد | |
| 700 | 1 |
_aسعسع، سليمان عيسى _eترجمة |
|
| 700 | 1 | _aحلبي، مأمون عيسى | |
| 942 |
_2ddc _cBK |
||
| 999 |
_c20014 _d20014 |
||